Intelligent bioinformatics : (Record no. 178714)

000 -LEADER
fixed length control field 01410 a2200241 4500
003 - CONTROL NUMBER IDENTIFIER
control field Nust
005 - DATE AND TIME OF LATEST TRANSACTION
control field 20220801130817.0
010 ## - LIBRARY OF CONGRESS CONTROL NUMBER
LC control number 2005008601
020 ## - INTERNATIONAL STANDARD BOOK NUMBER
International Standard Book Number 0470021756 (cloth : alk. paper)
040 ## - CATALOGING SOURCE
Transcribing agency Nust
082 00 - DEWEY DECIMAL CLASSIFICATION NUMBER
Classification number 570.285,KEE
100 1# - MAIN ENTRY--PERSONAL NAME
Personal name Keedwell, Edward.
9 (RLIN) 96052
245 10 - TITLE STATEMENT
Title Intelligent bioinformatics :
Remainder of title the application of artificial intelligence techniques to bioinformatics problems /
Statement of responsibility, etc. Edward Keedwell and Ajit Narayanan.
260 ## - PUBLICATION, DISTRIBUTION, ETC.
Place of publication, distribution, etc. Hoboken, NJ :
Name of publisher, distributor, etc. Wiley,
Date of publication, distribution, etc. c2005.
300 ## - PHYSICAL DESCRIPTION
Extent viii, 280 p. :
Other physical details ill. ;
Dimensions 24 cm.
505 ## - FORMATTED CONTENTS NOTE
Formatted contents note Introduction to the Basics of Molecular Biology (Page-3), Introduction to Problems and Challenges in Bioinformatics (Page-31), Introduction to Artificial Intelligence and Computer Science (Page-65), Probabikustic Approaches (Page-103), Nearest Neighbor and Clustering Approaches (Page-127), Identification (Decision) Trees (Page-147), Neural Networks (Page-173), Genetic Algorithms (Page-195), Genetic Programming (Page-221), Cellular Automata (Page-239), Hybrid Methods (Page-255).
650 #0 - SUBJECT ADDED ENTRY--TOPICAL TERM
Topical term or geographic name entry element Artificial intelligence
General subdivision Biological applications.
9 (RLIN) 81263
650 #0 - SUBJECT ADDED ENTRY--TOPICAL TERM
Topical term or geographic name entry element Bioinformatics.
9 (RLIN) 13954
700 1# - ADDED ENTRY--PERSONAL NAME
Personal name Narayanan, Ajit,
Dates associated with a name 1952-
9 (RLIN) 96053
856 41 - ELECTRONIC LOCATION AND ACCESS
Materials specified Publisher description
Uniform Resource Identifier <a href="http://www.loc.gov/catdir/enhancements/fy0622/2005008601-d.html">http://www.loc.gov/catdir/enhancements/fy0622/2005008601-d.html</a>
856 41 - ELECTRONIC LOCATION AND ACCESS
Materials specified Table of contents only
Uniform Resource Identifier <a href="http://www.loc.gov/catdir/toc/ecip0510/2005008601.html">http://www.loc.gov/catdir/toc/ecip0510/2005008601.html</a>
942 ## - ADDED ENTRY ELEMENTS (KOHA)
Koha item type Reference
Source of classification or shelving scheme
Holdings
Withdrawn status Lost status Source of classification or shelving scheme Damaged status Not for loan Permanent Location Current Location Shelving location Date acquired Full call number Barcode Date last seen Price effective from Koha item type Public note
          Military College of Signals (MCS) Military College of Signals (MCS) Reference 12/12/2016 570.285,KEE MCS32388 12/08/2016 12/12/2016 Reference Almirah No.19, Shelf No.6
© 2023 Central Library, National University of Sciences and Technology. All Rights Reserved.